| 000 | 01056nam a2200277 i 4500 | ||
|---|---|---|---|
| 001 | 66662 | ||
| 003 | ES-MaACL | ||
| 005 | 20230906165749.0 | ||
| 007 | t| | ||
| 008 | 020326s2001 sp ||||0| spa d | ||
| 020 | _a84-7658-602-7 | ||
| 080 | _a801.73 | ||
| 245 | 0 | 4 |
_aLos lenguajes del símbolo _b: investigaciones de hermenéutica simbólica / _cBlanca Solares (coord.) ; Mª Esther Aguirre Lora ... [et al.]. |
| 250 | _a1ª ed. | ||
| 260 |
_aRubí (Barcelona) : _bAnthropos ; _a[México] : _bCentro Regional de Investigaciones Multidisciplinarias, Universidad Nacional Autónoma de México, _c2001. |
||
| 300 |
_a303 p. : _bil. ; _c20 cm. |
||
| 490 | 1 |
_aAutores, textos y temas. Hermeneusis ; _v17 |
|
| 504 | _aBibliografía. | ||
| 650 | 4 |
_aHermenéutica. _913329 |
|
| 700 | 1 |
_aSolares, Blanca. _9107101 |
|
| 700 | 1 |
_aAguirre Lora, María Esther. _918883 |
|
| 710 | 2 |
_aUniversidad Nacional Autónoma de México. _97397 |
|
| 830 | 0 |
_aAutores, textos y temas. Hermeneusis ; _v17 _9177421 |
|
| 852 |
_aES-MaACL _jL-27184 |
||
| 999 |
_c66662 _d66662 |
||